00000000nam##2200000za#4500
0019.599048
003CaOODSP
00520210624204855
007cr |||||||||||
008150406|1999||||xxc|||||o    f|0| 0 fre|d
040 |aCaOODSP|bfre
043 |an-cn---
0861 |aBT31-2/2000-III-23F-PDF
1101 |aCanada. |bConseil du trésor.
24510|aGreffe de la Cour fédérale du Canada, budget des dépenses 1999-2000, rapport sur les plans et les priorités |h[ressource électronique]
260 |bSecrétariat du Conseil du Trésor du Canada |c[1999].
300 |a28p.|borganigramme, tableaux, index
4901 |aBudget des dépenses 1999-2000. Partie III, Rapport sur les plans et les priorités |v1999-2000
590 |a10-08-Supp|b2010-10-06
77508|tRegistry of the Federal Court of Canada, 1999-2000 estimates, a report on plans and priorities |w(CaOODSP)9.567719
7760#|tGreffe de la Cour fédérale du Canada |w(CaOODSP)9.531621
7760#|tRegistry of the Federal Court of Canada |w(CaOODSP)9.531620
830#0|aBudget des dépenses 1999-2000. Partie III, Rapport sur les plans et les priorités ;|v1999-2000|w(CaOODSP)9.502119
85640|ahttp://publications.gc.ca|qPDF|s158 Ko|uhttps://publications.gc.ca/collections/Collection/BT31-2-2000-III-23F.pdf|y1999-2000